| Поле | Инд. | ПП | Название | Значение |
|---|---|---|---|---|
| Тип записи | a | |||
| Библиографический уровень | b | |||
| 001 | Контрольный номер | RU/IS/BASE/231938336 | ||
| 005 | Дата корректировки | 20220715140329.6 | ||
| 008 | Кодируемые данные | 20070508 | ||
| 040 | b | Код языка каталог. | rus | |
| e | Правила каталог. | PSBO | ||
| 041 | 0_ | a | Код языка текста | rus |
| 084 | a | Индекс другой классификации/Индекс ББК | 71в; 87.3(0); 60.000.3 | |
| 100 | 1_ | a | Автор | Шестаков В. П. |
| 245 | 10 | a | Заглавие | Ренессанс - рассвет или закат Европы? |
| 504 | a | Библиография | Библиогр. ссылки. - Примеч. | |
| 600 | a | Персоналии | Буркхардт Якоб | |
| a | Персоналии | Варбург Аби | ||
| a | Персоналии | Заксл Фриц | ||
| a | Персоналии | Бенеш Отто | ||
| a | Персоналии | Гомбрих Эрнст | ||
| a | Персоналии | Лосев Алексей Федорович | ||
| a | Персоналии | Бердяев Николай Александрович | ||
| 650 | a | Основная рубрика | история философии | |
| a | Основная рубрика | культурология | ||
| a | Основная рубрика | социальная философия | ||
| a | Основная рубрика | философия | ||
| 653 | a | Ключевые слова | Возрождение (Ренессанс) | |
| a | Ключевые слова | Европа | ||
| a | Ключевые слова | Западная Европа | ||
| a | Ключевые слова | искусство | ||
| a | Ключевые слова | культура | ||
| a | Ключевые слова | философия культуры | ||
| 773 | 0_ | t | Заглавие источника | Вопросы философии |
| d | Дата издания источника | 2007 | ||
| g | Прочая информация | № 4. - С. 158 - 170 | ||
| w | Контрольный № источника | RU/IS/BASE/230823453 | ||
| 901 | t | Тип документа | b |